Bruxism : (رقم التسجيلة. 79735)
[ عرض عادي ]
| 000 -الفاتح | |
|---|---|
| حقل البيانات ثابتة الطول | 02083cam a2200313 a 4500 |
| 001 - رقم الضبط | |
| رقم الضبط | 319211736 |
| 003 - محدد رقم الضبط | |
| رقم الضبط | OCoLC |
| 005 - وقت وتاريخ اخر تعامل مع التسجيلة | |
| رقم الضبط | 20220314154639.0 |
| 008 - عناصر البيانات ثابتة الطول - معلومات عامة | |
| حقل البيانات ثابتة الطول | 090424s2010 enka b 001 0 eng |
| 020 ## - الرقم الدولى المعيارى للكتب | |
| الرقم الدولى المعيارى للكتاب | 9781850971917 |
| 020 ## - الرقم الدولى المعيارى للكتب | |
| الرقم الدولى المعيارى للكتاب | 1850971919 |
| 040 ## - مصدر الفهرسة | |
| وكالة الفهرسة الأصلية | NLM |
| لغة الفهرسة | eng |
| وكالة النسخ | NLM |
| وكالة التعديل | YDXCP |
| -- | UKMGB |
| -- | CDX |
| -- | JAA |
| -- | DEBBG |
| -- | OCL |
| -- | VRC |
| 042 ## - رمز التحقق | |
| رمز التحقق | nlmcopyc |
| 050 #4 - رقم طلب مكتبة الكونجرس | |
| رقم التصنيف | RK480 |
| رقم المادة | .B78 2010x |
| 082 ## - رقم تصنيف ديوى العشرى | |
| رقم الطبعة | 22 |
| رقم التصنيف | 617.6 |
| رقم المادة | BRB |
| 245 00 - بيان العنوان | |
| العنوان | Bruxism : |
| بقية العنوان | theory and practice / |
| بيان المسئوليه,etc | editor, Daniel A. Paesani ; contributors, Monica Andersen ... [et al.]. |
| 260 ## - PUBLICATION, DISTRIBUTION, ETC. (IMPRINT) | |
| مكان الناشر او الموزع | London ; |
| -- | Chicago : |
| اسم الناشر او الموزع | Quintessence Pub., |
| تاريخ النشر أو التوزيع | c2010. |
| 300 ## - الوصف المادى | |
| التعداد | xix, 540 p. : |
| تفاصيل ماديه اخرى للوعاء | ill. ; |
| أبعاد الوعاء | 25 cm. |
| 504 ## - تبصرة ببليوجرافية | |
| تبصرة ببليوجرافية,الخ | Includes bibliographical references and index. |
| 505 0# - تبصرة محتويات-الفهرس | |
| تبصرة المحتويات المصاغة | Introduction to bruxism -- Diagnosis of bruxism -- Sleep physiology and bruxism -- Etiology of bruxism -- Role of peripheral sensory factors in bruxism: a physiologic interpretation for clinical dentistry -- Emotional factors in the etiology of bruxism -- Movement disorders in the dental office -- Bruxism in children -- Tooth wear -- Dental erosion -- Gastroesophageal reflux as a cause of dental erosion -- Controversies on the effects of bruxism -- Effects of bruxism on teeth and its relationship with endodontics -- Influence of trauma from occlusion on the periodontium -- Effects of bruxism on muscles -- Temporomandibular joint dysfunction and bruxism -- Pain and bruxism -- Pharmacologic considerations in bruxism -- Dental materials for the bruxing patient -- Evidence related to the treatment of bruxism -- Introduction to complex oral restoration -- Restoration of the worn dentition -- Effects of bruxism on restorative implant-assisted prosthesis treatments -- Botulinum toxin in the treatment of bruxism -- Clinical treatment of bruxism. |
| 650 #0 - المدخل الاضافى بالموضوع-مصطلح موضوعى | |
| مصطلح موضوعي أو اسم جغرافي كعنصر مدخل | Bruxism. |
| 9 (RLIN) | 89497 |
| 650 #0 - المدخل الاضافى بالموضوع-مصطلح موضوعى | |
| مصطلح موضوعي أو اسم جغرافي كعنصر مدخل | Bruxism |
| التقسيم الفرعي العام | Diagnosis. |
| 9 (RLIN) | 89498 |
| 650 #0 - المدخل الاضافى بالموضوع-مصطلح موضوعى | |
| مصطلح موضوعي أو اسم جغرافي كعنصر مدخل | Bruxism |
| التقسيم الفرعي العام | Complications. |
| 9 (RLIN) | 89499 |
| 650 #0 - المدخل الاضافى بالموضوع-مصطلح موضوعى | |
| مصطلح موضوعي أو اسم جغرافي كعنصر مدخل | Bruxism |
| التقسيم الفرعي العام | Treatment. |
| 9 (RLIN) | 89500 |
| 650 12 - المدخل الاضافى بالموضوع-مصطلح موضوعى | |
| مصطلح موضوعي أو اسم جغرافي كعنصر مدخل | Bruxism. |
| 9 (RLIN) | 89497 |
| 700 1# - المدخل الاضافى - اسم شخصى | |
| الإسم الشخصى | Paesani, Daniel A. |
| الشكل الأكمل للاسم | (Daniel Angel) |
| 9 (RLIN) | 89501 |
| 700 1# - المدخل الاضافى - اسم شخصى | |
| الإسم الشخصى | Andersen, Monica. |
| 9 (RLIN) | 89502 |
| 942 ## - عناصر المدخل الإضافي( كوها) | |
| مصدر التصنيف او مخطط الترفيف | Dewey Decimal Classification |
| Koha [default] item type | كتاب |
| حالة الفقد | نموذج السعر الفعال | حالة تلف | ليس للاعارة | رقم الطلب | تاريخ الاكتساب | الموقع الحالي | الباركود | الفرع الرئيسي | Date last seen | نوع المادة فى نظام كوها | مصدر التصنيف او خطة الترفيف | Total Checkouts |
|---|---|---|---|---|---|---|---|---|---|---|---|---|
| 2022-03-14 | 617.6 BRB | 2022-03-14 | المكتبة المركزية بالمجمعة (CL) | 00168952 | المكتبة المركزية بالمجمعة (CL) | 2022-03-14 | كتاب | Dewey Decimal Classification | ||||
| 2022-03-14 | 617.6 BRB | 2022-03-14 | المكتبة المركزية بالمجمعة (CL) | 00168953 | المكتبة المركزية بالمجمعة (CL) | 2022-03-14 | كتاب | Dewey Decimal Classification | ||||
| 2022-03-14 | 617.6 BRB | 2022-03-14 | مكتبة مجمع الكليات بالزلفى - طلاب (SZM) | 00168954 | مكتبة مجمع الكليات بالزلفى - طلاب (SZM) | 2022-03-14 | كتاب | Dewey Decimal Classification | ||||
| 2022-03-14 | 617.6 BRB | 2022-03-14 | مكتبة مجمع الكليات بالزلفى - طلاب (SZM) | 00168955 | مكتبة مجمع الكليات بالزلفى - طلاب (SZM) | 2022-03-14 | كتاب | Dewey Decimal Classification |
